| 000 | 01467cam a2200397 a 4500 | ||
|---|---|---|---|
| 001 | 16608748 | ||
| 005 | 20140105112403.0 | ||
| 008 | 110112s2012 xxka frb 001 0 eng | ||
| 010 | _a2011000595 | ||
| 020 | _a9780415574518 (hardback) | ||
| 020 | _a041557451X (hardback) | ||
| 020 | _a9780415574525 (pbk.) | ||
| 020 | _a0415574528 (pbk.) | ||
| 020 | _a9780203813539 (ebook) | ||
| 020 | _a0203813537 (ebook) | ||
| 035 | _a(OCoLC)ocn696778668 | ||
| 040 |
_aDLC _cDLC _dYDX _dERASA _dYDXCP _dDLC |
||
| 043 | _aar----- | ||
| 050 | 0 | 0 |
_aDS201.2 _b.T73 2012 |
| 082 | 0 | 4 |
_a341.2477 _222 _bTRA |
| 245 | 0 | 4 |
_aThe transformation of the Gulf : _bpolitics, economics and the global order / _cedited by David Held and Kristian Ulrichsen. |
| 250 | _a1st ed. | ||
| 260 |
_aLondon ; _aNew York, United States : _bRoutledge Taylor & Francis Group, _c2012. |
||
| 300 |
_axxiv, 368 p. : _bill. ; _c24 cm. |
||
| 500 | _aIndex : p. [355]-368. | ||
| 504 | _aIncludes bibliographical references. | ||
| 610 | 2 | 0 |
_aGulf Cooperation Council _934759 |
| 650 | 0 |
_aGlobalization _zPersian Gulf States _934760 |
|
| 651 | 0 |
_aPersian Gulf States _xPolitics and government _y21st century _934764 |
|
| 651 | 0 |
_aPersian Gulf States _xEconomic conditions _y21st century. _934762 |
|
| 653 |
_bPol _cJanuary2014 |
||
| 655 |
_vreading book _934232 |
||
| 700 | 1 |
_aHeld, David _920682 _eeditor. |
|
| 700 | 1 |
_aUlrichsen, Kristian _934763 _eeditor. |
|
| 942 |
_2ddc _cBB _k341.2477 TRA |
||
| 999 |
_c17895 _d17867 |
||